Черные корабли (Запись № 1159054)

Подробности
000 -МАРКЕР
контрольное поле 02530nam0a2200349 4500
001 - ИДЕНТИФИКАТОР ЗАПИСИ
контрольное поле RU\NLR\bibl\1398484
005 - ИДЕНТИФИКАТОР ВЕРСИИ
контрольное поле 20250615203251.0
010 ## - МЕЖДУНАРОДНЫЙ СТАНДАРТНЫЙ НОМЕР КНИГИ (ISBN)
Номер (ISBN) 978-5-17-058074-3
Уточнения АСТ
010 ## - МЕЖДУНАРОДНЫЙ СТАНДАРТНЫЙ НОМЕР КНИГИ (ISBN)
Номер (ISBN) 978-5-403-00883-9
Уточнения АСТ МОСКВА
Тираж 4000
021 ## - НОМЕР ГОСУДАРСТВЕННОЙ РЕГИСТРАЦИИ
Код страны Российская Федерация
Номер 2009-44090
Номер Листа государственной регистраци 2678
035 ## - ДРУГИЕ СИСТЕМНЫЕ НОМЕРА
Идентификатор записи (nilc)IZD\AST\2007\910265
035 ## - ДРУГИЕ СИСТЕМНЫЕ НОМЕРА
Идентификатор записи RSL-KNO-004337792
035 ## - ДРУГИЕ СИСТЕМНЫЕ НОМЕРА
Идентификатор записи (NLR Aleph) 001390500
100 ## - ДАННЫЕ ОБЩЕЙ ОБРАБОТКИ
Данные общей обработки 20090508d2009 |||y0rusy50 ca
101 1# - ЯЗЫК РЕСУРСА
Язык текста, звукозаписи и т.д. русский
Язык оригинала английский
102 ## - СТРАНА ПУБЛИКАЦИИ ИЛИ ПРОИЗВОДСТВА
Страна публикации Российская Федерация
105 ## - ПОЛЕ КОДИРОВАННЫХ ДАННЫХ: ТЕКСТОВЫЕ МАТЕРИАЛЫ, МОНОГРАФИЧЕСКИЕ
Кодированные данные о монографическом текстовом документе y z |||||
200 1# - ЗАГЛАВИЕ И СВЕДЕНИЯ ОБ ОТВЕТСТВЕННОСТИ
Основное заглавие Черные корабли
Сведения, относящиеся к заглавию [роман]
Первые сведения об ответственности Джо Грэм
Последующие сведения об ответственности [пер. с англ. И. Майгуровой]
210 ## - ПУБЛИКАЦИЯ, РАСПРОСТРАНЕНИЕ И ДР.
Место издания, распространения и т.д. Москва
Имя издателя, распространителя и т. д. АСТ
-- АСТ МОСКВА
Дата издания, распространения и т.д. 2009
215 ## - ФИЗИЧЕСКАЯ ХАРАКТЕРИСТИКА
Специфическое обозначение материала и объем 382, [1] с.
Размеры 21
330 ## - РЕЗЮМЕ ИЛИ РЕФЕРАТ
Текст примечания Пала легендарная Троя, и лишь немногие ее обитатели сумели избежать гибели или позорного плена и спастись на девяти кораблях. Смелый мореплаватель и мужественный воин Эней и его верные сподвижники - кормчий Ксандр и прорицательница Чайка - ведут уцелевших троянцев в неизвестность... Позади - горе и слезы, дымящиеся руины Трои, потери родных и друзей. Впереди - новые страны и бесчисленные приключения. Энея и его людей не ждут нигде - ни в землях богатых финикийцев, ни в государстве воинственных хеттов, ни в царстве солнечного Ра - могущественном Египте. Троянцы готовы служить любому государю, которому нужны опытные воины, и вынуждены в жестоких сражениях добывать себе хлеб. Будет ли этому конец? Где найдут изгнанники новую родину? И сколько крови прольют за нее?..
686 ## - ИНДЕКСЫ ДРУГИХ КЛАССИФИКАЦИЙ
Индекс Ш5(7США)62-644.6
Код системы
686 ## - ИНДЕКСЫ ДРУГИХ КЛАССИФИКАЦИЙ
Индекс Ш6(7США)67-446{Лх1979-60}
700 #1 - ИМЯ ЛИЦА - ПЕРВИЧНАЯ ОТВЕТСТВЕННОСТЬ
Начальный элемент ввода Грэм
Часть имени, кроме начального элемента ввода Д.
Расширение инициалов личного имени Джо
Код отношения Автор
801 #0 - ИСТОЧНИК ЗАПИСИ
Страна Российская Федерация
Организация ЛИБНЕТ
Дата составления 20090508
801 #1 - ИСТОЧНИК ЗАПИСИ
Страна Российская Федерация
Организация ЦУНБ Москва
Дата составления 20090526
Источник данных rusmarc
801 #2 - ИСТОЧНИК ЗАПИСИ
Страна Российская Федерация
Организация NLR
Дата составления 20090806
Правила каталогизации rcr
830 ## - ОБЩЕЕ ПРИМЕЧАНИЕ, СОСТАВЛЕННОЕ КАТАЛОГИЗАТОРОМ
Текст примечания CODE_OF_LIBNET\000027505
942 ## - ДОПОЛНИТЕЛЬНЫЕ ЭЛЕМЕНТЫ ЗАПИСИ (АБИС)
Тип экземпляра АБИС Книга
980 ## - КОЛЛЕКЦИЯ
Название коллекции Национальная библиография
Экземпляры
Тип экземпляра Дата поступления Источник поступления Библиотека постоянного хранения Библиотека текущего хранения Место хранения Шифр хранения Штрих-код Статус экземпляра
Книга 06.08.2009 Обязательный экземпляр РНБ (Московский) РНБ (Московский) Русский книжный фонд: издания с 1957 года 2009-3/24588 2969938  
Книга 06.08.2009 Обязательный экземпляр РНБ (Московский) РНБ (Московский) Русский книжный фонд: издания с 1957 года 2009-3/24588 2969939